|
|
|
|
| LEADER |
02146nam a2200445 i 4500 |
| 001 |
EBC1608960 |
| 003 |
MiAaPQ |
| 005 |
20200520144314.0 |
| 006 |
m o d | |
| 007 |
cr cnu|||||||| |
| 008 |
140623t20122012dcuad ob 000 0 fre d |
| 020 |
|
|
|z 9781616353834
|
| 020 |
|
|
|a 9781475568714 (e-book)
|
| 035 |
|
|
|a (MiAaPQ)EBC1608960
|
| 035 |
|
|
|a (Au-PeEL)EBL1608960
|
| 035 |
|
|
|a (CaPaEBR)ebr10566443
|
| 035 |
|
|
|a (OCoLC)870597875
|
| 040 |
|
|
|a MiAaPQ
|b eng
|e rda
|e pn
|c MiAaPQ
|d MiAaPQ
|
| 043 |
|
|
|a fb-----
|
| 050 |
|
4 |
|a HC800
|b .I584 2012
|
| 082 |
0 |
|
|a 330.967
|2 23
|
| 110 |
2 |
|
|a International Monetary Fund,
|e author.
|
| 245 |
1 |
0 |
|a Perspectives economiques regionales :
|b Afrique subsaharienne : Entretenir la croissance dans un climat mondial d'incertitude /
|c International Monetary Fund.
|
| 264 |
|
1 |
|a Washington, District of Columbia :
|b Fonds monetaire international,
|c 2012.
|
| 264 |
|
4 |
|c 2012
|
| 300 |
|
|
|a 1 online resource (140 pages) :
|b illustrations (some color), charts, graphs.
|
| 336 |
|
|
|a text
|2 rdacontent
|
| 337 |
|
|
|a computer
|2 rdamedia
|
| 338 |
|
|
|a online resource
|2 rdacarrier
|
| 490 |
1 |
|
|a Etudes economiques et financieres
|
| 504 |
|
|
|a Includes bibliographical references.
|
| 588 |
|
|
|a Description based on online resource; title from PDF title page (ebrary, viewed June 23, 2014).
|
| 590 |
|
|
|a Electronic reproduction. Ann Arbor, MI : ProQuest, 2015. Available via World Wide Web. Access may be limited to ProQuest affiliated libraries.
|
| 650 |
|
0 |
|a Economic development
|z Africa, Sub-Saharan.
|
| 651 |
|
0 |
|a Africa, Sub-Saharan
|x Economic conditions.
|
| 655 |
|
4 |
|a Electronic books.
|
| 776 |
0 |
8 |
|i Print version:
|a International Monetary Fund.
|t Perspectives economiques regionales : Afrique subsaharienne : Entretenir la croissance dans un climat mondial d'incertitude.
|d Washington, District of Columbia : Fonds monetaire international, c2012
|h ix, 129 pages
|k Etudes economiques et financieres
|z 9781616353834
|
| 797 |
2 |
|
|a ProQuest (Firm)
|
| 830 |
|
0 |
|a World economic and financial surveys.
|
| 856 |
4 |
0 |
|u https://ebookcentral.proquest.com/lib/matrademy/detail.action?docID=1608960
|z Click to View
|